| 000 -LEADER |
| fixed length control field |
00282cam a22001097a 4500 |
| 008 - FIXED-LENGTH DATA ELEMENTS--GENERAL INFORMATION |
| fixed length control field |
180718b1936 xxu||||| |||| 00| 0 eng d |
| 082 ## - DEWEY DECIMAL CLASSIFICATION NUMBER |
| Classification number |
A38 H982 |
| 100 ## - MAIN ENTRY--PERSONAL NAME |
| Personal name |
Huxley, Aldous |
| 245 ## - TITLE STATEMENT |
| Title |
Do what you will: essays |
| Statement of responsibility, etc. |
by Aldous Huxley |
| 260 ## - PUBLICATION, DISTRIBUTION, ETC. |
| Place of publication, distribution, etc. |
London |
| Name of publisher, distributor, etc. |
Watts |
| Date of publication, distribution, etc. |
1936 |
| 300 ## - PHYSICAL DESCRIPTION |
| Extent |
246p. |